000 00426nam a2200181Ia 4500
001 10559
005 20260306161841.0
008 260306t2008||||xx |||||||||||||| ||spa||
041 _aESP
082 _a940.27
_bC25
100 _aCanales, Esteban
_eAUT
245 0 _aLa Europa napoleónica 1792-1815
260 _c2008
300 _a591 pƔginas :
_c21cm.
650 _aGEN
654 _aCHU
942 _cLIB
_dJUS
_fJUS
_2ddc
_n
999 _c10559
_d10559